00521cam a22002171 4500001001300000003000400013005001700017008004100034010001700075035002000092040001800112042001200130050002400142100002200166245002800188260001100216300001900227500001400246600002600260999001700286sa 67004566 DLC20260227112348.0900125s1967 ii 000 1 hino  asa 67004566  a(OCoLC)20958107 aDLCcWaUdDLC apremarc00aPK2098.29.I747bA641 aMisra, Rama Kant.10aĀdi kavi Vālmīki. c[1967] a192 p.c19 cm. aIn Hindi.00aVālmīkivFiction. c74587d74587